[Event "1st Masters"]
[Site "Chambery FRA"]
[Date "2008.08.08"]
[Round "7"]
[White "Horvath,Jo1"]
[Black "Solodovnichenko,Y"]
[Result "1-0"]
[WhiteElo "2551"]
[BlackElo "2541"]

1.c4 Nf6 2.Nf3 c5 3.Nc3 e6 4.e3 Nc6 5.d4 d5 6.cxd5 exd5 7.Bb5 Bd6 8.dxc5 Bxc5
9.O-O O-O 10.b3 Bg4 11.Bb2 Bd6 12.Rc1 d4 13.exd4 Bf4 14.Rb1 Qd6 15.g3 Bh6
16.Bxc6 Qxc6 17.Ne5 Bxd1 18.Nxc6 Bc2 19.Ne7+ Kh8 20.Ra1 Rfd8 21.f4 g6 22.Rf2 Bd3
23.Rd1 Ba6 24.d5 Bg7 25.d6 Rd7 26.Rfd2 Rad8 27.Ba3 h5 28.Ned5 Nxd5 29.Nxd5 Bb5
30.f5 gxf5 31.Rf2 Be5 32.Rxf5 Bxd6 33.Bb2+ Kh7 34.Nf6+ Kg7 35.Rdd5 Bc5+ 36.Rxc5 Rd1+
37.Kg2 R8d2+ 38.Kh3 Bf1+ 39.Rxf1 Rxf1 40.Bc3 Rd3 41.Nd5+ f6 42.Kg2 Rdd1 43.Nf4 Kf7
44.Rc7+ Ke8 45.Rxb7 h4 46.Bxf6 Rg1+ 47.Kh3 hxg3 48.Re7+ Kd8 49.Rxa7+ Kc8
50.hxg3 Rd6 51.Be5 Rh6+ 52.Kg4 Re1 53.Kf5  1-0

[Event "Abkhasian Open"]
[Site "Sukhumi GEO"]
[Date "2008.08.09"]
[Round "7"]
[White "Shutukov,S"]
[Black "Valov,I"]
[Result "1-0"]
[WhiteElo "2360"]
[BlackElo "2269"]

1.Nf3 c5 2.c4 Nf6 3.Nc3 g6 4.d4 Bg7 5.e4 cxd4 6.Nxd4 d6 7.Be2 O-O 8.Be3 Nc6
9.O-O Qc7 10.Rc1 Nxd4 11.Bxd4 Be6 12.Qd2 a6 13.f3 Rac8 14.b3 Rfd8 15.Rfd1 Nd7
16.Be3 Qa5 17.Rc2 b5 18.Nd5 Qxd2 19.Rcxd2 Bxd5 20.Rxd5 Nf6 21.R5d2 bxc4 22.Bxc4 Rc6
23.e5 Ne8 24.Bd5 Rc3 25.Bd4 Rcc8 26.Bb6 Bxe5 27.Bxd8 Rxd8 28.Rc2 a5 29.g3 e6
30.Bb7 Kf8 31.f4 Bf6 32.Kf1 Ke7 33.Rc8 Rxc8 34.Bxc8  1-0

[Event "Abkhasian Open"]
[Site "Sukhumi GEO"]
[Date "2008.08.10"]
[Round "8"]
[White "Kirsanova,J"]
[Black "Kirpichnikov,V2"]
[Result "1-0"]
[WhiteElo "1813"]
[BlackElo "2194"]

1.c4 Nf6 2.Nc3 c5 3.Nf3 e6 4.d4 cxd4 5.Nxd4 d6 6.g3 Be7 7.Bg2 O-O 8.O-O a6
9.b3 Qc7 10.Bb2 Rd8 11.Rc1 Nbd7 12.e3 Rb8 13.Qe2 b6 14.Nc6 Bb7 15.Nxb8 Rxb8
16.Rfd1 Nc5 17.Bxb7 Qxb7 18.f3 h5 19.e4 h4 20.gxh4 b5 21.cxb5 axb5 22.Qg2 b4
23.Na4 Ncd7 24.Kh1 Nf8 25.e5 dxe5 26.Bxe5 Ra8 27.Rc7 Qb5 28.f4 Re8 29.Rxe7  1-0

[Event "Acropolis Open"]
[Site "Athens GRE"]
[Date "2008.08.13"]
[Round "5"]
[White "Graf,A"]
[Black "Karagiannis,A"]
[Result "1-0"]
[WhiteElo "2621"]
[BlackElo "2357"]

1.Nf3 c5 2.c4 Nf6 3.Nc3 g6 4.d4 cxd4 5.Nxd4 Bg7 6.e4 d6 7.Be2 O-O 8.O-O Nc6
9.Be3 Bd7 10.Qd2 Nxd4 11.Bxd4 Qa5 12.Rfd1 Rfc8 13.Rab1 Be6 14.b3 Qd8 15.Bf3 Qf8
16.e5 dxe5 17.Bxe5 Ne4 18.Bxe4 Bxe5 19.Bxb7 Rd8 20.Qe3 Rxd1+ 21.Rxd1 Bxh2+
22.Kh1 Rb8 23.Bd5 Bd6 24.c5 Bc7 25.Bxe6 fxe6 26.Rd7 Rc8 27.Qxe6+ Kh8 28.Kg1 Qf4
29.g3 Qf6 30.Qxe7 Qxe7 31.Rxe7 Ba5 32.Ne4 Rc7 33.Rxc7 Bxc7 34.Nc3  1-0

[Event "ch-Euro Seniors"]
[Site "Davos SUI"]
[Date "2008.08.14"]
[Round "6"]
[White "Frumson,Y"]
[Black "Butnorius,A"]
[Result "1/2-1/2"]
[WhiteElo "2235"]
[BlackElo "2442"]

1.Nf3 Nf6 2.c4 c5 3.Nc3 e6 4.g3 b6 5.Bg2 Bb7 6.O-O Be7 7.Re1 d5 8.cxd5 Nxd5
9.e4 Nb4 10.d4 cxd4 11.Nxd4 O-O 12.a3 N4c6 13.Nxc6 Nxc6 14.e5 Qxd1 15.Rxd1 Rfd8
16.Be3 Na5 17.Bxb7 Nxb7 18.Nb5 Kf8 19.Rac1 Bc5 20.Rxd8+ Rxd8 21.Nxa7 Bxe3
22.fxe3 Nc5 23.b4 Ne4 24.Rc8 Ke8 25.Rxd8+ Kxd8 26.Nb5 Kd7 27.Nd4 Nd2 28.Kf2 Nc4
29.a4 Nxe5 30.Ke2 Kd6 31.e4 h6 32.Nb5+ Kc6 33.Nc3 g5 34.h3 f6 35.Ke3 Nc4+
36.Kd3 Ne5+ 37.Ke3 Nc4+ 38.Kd3  1/2-1/2

[Event "VII Open"]
[Site "Ortigueira ESP"]
[Date "2008.08.14"]
[Round "5"]
[White "Ivanov,Jo"]
[Black "Paunovic,D"]
[Result "1/2-1/2"]
[WhiteElo "2421"]
[BlackElo "2539"]

1.Nf3 Nf6 2.c4 c5 3.Nc3 g6 4.d4 cxd4 5.Nxd4 Bg7 6.e4 d6 7.Be2 O-O 8.O-O Nc6
9.Be3 Bd7 10.Qd2 Nxd4 11.Bxd4 Bc6 12.f3 Nd7 13.Be3 a5 14.Rab1 Nc5 15.Rfc1 Qb6
16.b3 Rfc8 17.Rc2 Qd8 18.Nd5  1/2-1/2

[Event "Open"]
[Site "Stare Mesto CZE"]
[Date "2008.08.14"]
[Round "8"]
[White "Golcman,E"]
[Black "Ponizil,C"]
[Result "0-1"]
[WhiteElo "2255"]
[BlackElo "2284"]

1.c4 c5 2.Nc3 b6 3.Nf3 Nf6 4.g3 Bb7 5.Bg2 e6 6.O-O Be7 7.d4 cxd4 8.Nxd4 Bxg2
9.Kxg2 d6 10.Qd3 a6 11.b3 O-O 12.Ba3 Qc8 13.Rac1 Rd8 14.Rfd1 Nbd7 15.f3 Qb7
16.e4 Bf8 17.Qe2 Ne5 18.h3 h5 19.h4 Re8 20.f4 Neg4 21.Bb2 e5 22.fxe5 Rxe5
23.Qf3 Nxe4 24.Re1 Rae8 25.Nd5 Nc5 26.Rxe5 dxe5 27.Nf5 g6 28.Nfe3 Nxe3+ 29.Qxe3 Bg7
30.Rf1 f5 31.Kh2 Kh7 32.Qe2 Qc6 33.Nb4 Qe6 34.Nd5 Rd8 35.Qe3 Ne4 36.Rd1 Rd7
37.Rd3 b5 38.Nb4 bxc4 39.Rxd7 Qxd7 40.bxc4 Qd1 41.Kg2 Nd2 42.Qf2 Nxc4 43.Nxa6 Qd5+  0-1

[Event "Petrovskaya Ladya GM1"]
[Site "Peterhof RUS"]
[Date "2008.08.15"]
[Round "6"]
[White "Yevseev,D"]
[Black "Volodin,Alek"]
[Result "1-0"]
[WhiteElo "2510"]
[BlackElo "2397"]

1.Nf3 c5 2.c4 Nf6 3.Nc3 b6 4.g3 Bb7 5.Bg2 e6 6.O-O Be7 7.Re1 d5 8.cxd5 exd5
9.d4 O-O 10.Bf4 Nc6 11.dxc5 bxc5 12.Ne5 Nd4 13.Nd3 Ne6 14.Be5 Qd7 15.Rc1 Rac8
16.Bxf6 Bxf6 17.Qa4 Bc6 18.Qg4 Qb7 19.e4 Bxc3 20.bxc3 dxe4 21.Bxe4 Bxe4 22.Qxe4 Qxe4
23.Rxe4 Rfd8 24.Ne5 Rd2 25.Ra4 Rc7 26.Nc4 Rd3 27.Kg2 g6 28.h4 h5 29.Ra3 Rb7
30.Re1 Kg7 31.Re3 Rxe3 32.Nxe3 Rd7 33.Nc4 Kf6 34.Ra6 Rd3 35.Nd6 g5 36.hxg5+ Nxg5
37.Ne4+ Kf5 38.Nxc5 Rxc3 39.Nb3 Rc7 40.Nd4+ Ke5 41.Rxa7 Rxa7 42.Nc6+ Kd6
43.Nxa7 Kc5 44.Nc8 Kb4 45.Nd6 f6 46.Ne8 f5 47.Ng7 f4 48.gxf4  1-0

[Event "Open"]
[Site "Ptuj SLO"]
[Date "2008.08.15"]
[Round "8"]
[White "Sebenik,M"]
[Black "Markus,Rob"]
[Result "1/2-1/2"]
[WhiteElo "2485"]
[BlackElo "2572"]

1.Nf3 Nf6 2.c4 c5 3.Nc3 e6 4.g3 b6 5.Bg2 Bb7 6.O-O Be7 7.b3 O-O 8.Bb2 Nc6
9.e3 Rc8 10.d4 cxd4 11.Nxd4 Qc7 12.Nde2 Rfd8 13.Rc1 Qb8 14.e4  1/2-1/2

[Event "U16 Olympiad"]
[Site "Mersin TUR"]
[Date "2008.08.17"]
[Round "1"]
[White "Shimanov,A"]
[Black "Emiroglu,C"]
[Result "1-0"]
[WhiteElo "2480"]
[BlackElo "2028"]

1.Nf3 Nf6 2.c4 c5 3.Nc3 d5 4.cxd5 Nxd5 5.g3 Nc6 6.Bg2 Nc7 7.a3 e5 8.b4 cxb4
9.axb4 Bxb4 10.Nxe5 Nxe5 11.Qa4+ Nc6 12.Bxc6+ bxc6 13.Qxb4 Ne6 14.Ne4 Qd4
15.Qxd4 Nxd4 16.Ra4 Nb5 17.d3 O-O 18.Be3 Re8 19.Kd2 Bf5 20.Nc5 Be6 21.Rc1 Bd5
22.Na6 Rec8 23.Nb4 f6 24.Rc5 a6 25.Rxa6 Rxa6 26.Nxa6 Nc7 27.Nb4 Ra8 28.Nxd5 Ra2+
29.Kd1 Ra1+ 30.Bc1 Nxd5 31.Rxc6 Kf7 32.Rc4 Nb6 33.Rc7+ Kg6 34.Kc2 Nd5 35.Rb7 Ra6
36.e4 Rc6+ 37.Kd2 Nb6 38.Ba3 Na8 39.d4 Rc8 40.d5 Nc7 41.f4 h5 42.d6  1-0

[Event "Open"]
[Site "Panevezys LTU"]
[Date "2008.08.17"]
[Round "8"]
[White "Dambrauskas,V"]
[Black "Kalvaitis,S"]
[Result "1/2-1/2"]
[WhiteElo "2341"]
[BlackElo "2256"]

1.Nf3 Nf6 2.c4 e6 3.Nc3 c5 4.g3 b6 5.Bg2 Bb7 6.O-O Be7 7.d4 cxd4 8.Qxd4 d6
9.b3 a6 10.Ba3 Nc6 11.Qd3 Qc7 12.Rac1 Nd7 13.Rfd1 Nc5 14.Qb1 Ne5 15.Nxe5 dxe5
16.Bxb7 Qxb7 17.Bxc5 bxc5 18.Qe4 Qxe4 19.Nxe4 Rd8 20.Rxd8+ Kxd8 21.Rd1+ Kc7
22.f3 f5 23.Nc3 h5 24.e4 g6 25.Rd3 Kc6 26.Kg2 Bg5 27.Ne2 Rf8 28.h3 Bh6 29.Nc3 Bc1
30.Nd1 f4 31.g4 Ra8 32.Kf1 a5 33.a4 h4 34.g5 Rb8 35.Ke2 Rh8 36.Rc3 Ba3 37.Rc2 Rb8
38.Rc3 Rh8 39.Rd3 Kc7 40.Kf1 Rb8 41.Ke1 Rh8 42.Ke2 Rb8 43.Nf2 Bb2 44.Ng4 Bd4  1/2-1/2

[Event "XXI Virxe Peregrina Open"]
[Site "Pontevedra ESP"]
[Date "2008.08.18"]
[Round "9"]
[White "Diaz Nunez,A"]
[Black "Millan Soto,M"]
[Result "1-0"]
[WhiteElo "2251"]
[BlackElo "1926"]

1.Nf3 c5 2.c4 Nf6 3.Nc3 e6 4.g3 b6 5.Bg2 Bb7 6.O-O d5 7.cxd5 Nxd5 8.d4 cxd4
9.Qxd4 Nc6 10.Qa4 Nxc3 11.bxc3 Qc7 12.Bf4 Bd6 13.Nd4 Bxf4 14.Nxc6 Bd6 15.Na5+ Ke7
16.Nxb7 Be5 17.Qa3+ Kf6 18.Rac1 Rab8 19.f4  1-0

[Event "5th DA Tan Malaysian Open"]
[Site "Kuala Lumpur MAS"]
[Date "2008.08.19"]
[Round "3"]
[White "Kojima,S"]
[Black "Zhou Weiqi"]
[Result "1/2-1/2"]
[WhiteElo "2253"]
[BlackElo "2556"]

1.Nf3 Nf6 2.c4 e6 3.Nc3 c5 4.g3 b6 5.Bg2 Bb7 6.O-O Be7 7.Re1 d5 8.cxd5 Nxd5
9.e4 Nb4 10.d4 cxd4 11.Nxd4 N8c6 12.Nxc6 Qxd1 13.Rxd1 Bxc6 14.Bf4 g5 15.Bd6 Rd8
16.e5 Bxg2 17.Kxg2 Bxd6 18.exd6 Kd7 19.a3 Nd5 20.Nxd5 exd5 21.Rxd5 f6 22.Rad1 Rhe8
23.R1d2 Rc8 24.h4 h6 25.hxg5 hxg5 26.Kf3 Rc4 27.R5d4 Rxd4 28.Rxd4 Re5 29.Rd2  1/2-1/2

[Event "5th DA Tan Malaysian Open"]
[Site "Kuala Lumpur MAS"]
[Date "2008.08.19"]
[Round "4"]
[White "Goldenberg,I"]
[Black "Dimakiling,O"]
[Result "1/2-1/2"]
[WhiteElo "2386"]
[BlackElo "2479"]

1.c4 Nf6 2.Nc3 e6 3.Nf3 c5 4.g3 Be7 5.Bg2 O-O 6.O-O a6 7.d4 cxd4 8.Nxd4 d6
9.e4 Qc7 10.Be3 Nbd7 11.b3 Rb8 12.Rc1 b6 13.f4 Bb7 14.Re1 Rfe8 15.g4 g6 16.g5 Nh5
17.f5 exf5 18.exf5 Bxg2 19.Kxg2 Bf8 20.Nd5 Qb7 21.f6 b5 22.Kg1 Ne5 23.Nf3 bxc4
24.bxc4 Qd7 25.Nxe5 Rxe5 26.Qf3 h6 27.h4 Rbe8 28.Bd2 hxg5 29.hxg5 Qa7+ 30.Qf2 Qb7
31.Qg2 Qc8 32.Bc3 Qc5+ 33.Kh2 Rxe1 34.Rxe1 Rxe1 35.Bxe1 Qxc4 36.Qd2 Kh7 37.Bf2 Qg4
38.Be1 a5 39.Bf2 a4 40.Be1 a3 41.Bf2 Qf3 42.Be1 Qf5  1/2-1/2

[Event "ch-SLO"]
[Site "Ljubljana SLO"]
[Date "2008.08.22"]
[Round "7"]
[White "Sebenik,M"]
[Black "Jeran,B"]
[Result "1/2-1/2"]
[WhiteElo "2485"]
[BlackElo "2193"]

1.Nf3 Nf6 2.c4 c5 3.Nc3 g6 4.d4 cxd4 5.Nxd4 Nc6 6.g3 Bg7 7.Bg2 O-O 8.O-O d6
9.Nxc6 bxc6 10.Bxc6 Rb8 11.Bg2 Qa5 12.Nb5 a6 13.Bd2 Qd8 14.Nd4 Bb7 15.Bxb7 Rxb7
16.b3 d5 17.Rc1 Qd7 18.Nf3 d4 19.c5 Qh3 20.Ng5 Qh5 21.c6 Rb5 22.c7 Rc8 23.a4 Rd5
24.e4 dxe3 25.Qxh5 exf2+ 26.Rxf2 Nxh5 27.Nf3 e5 28.Be3 Nf6 29.Rd2 Rxd2 30.Bxd2 e4
31.Ba5 Nd5 32.Rc5 Nxc7 33.Rxc7 Rxc7 34.Bxc7 exf3 35.Kf2 Kf8 36.Kxf3 Ke7 37.Ke4 Ke6
38.g4 f5+ 39.gxf5+ gxf5+ 40.Kd3 Kd5 41.b4 Kc6 42.Bd8 Be5 43.h3 Kd5 44.b5 axb5
45.axb5 Kc5 46.b6 Kc6 47.Ke3 Kd7 48.Bg5 Kc6 49.Bf4 Bf6  1/2-1/2

[Event "XIII Konik Morski Open A"]
[Site "Rewal POL"]
[Date "2008.08.22"]
[Round "3"]
[White "Pietrzak,T"]
[Black "Czachor,R"]
[Result "0-1"]
[WhiteElo "2016"]
[BlackElo "2127"]

1.Nf3 Nf6 2.c4 c5 3.Nc3 g6 4.d4 cxd4 5.Nxd4 Bg7 6.g3 Nc6 7.Bg2 O-O 8.O-O Qc7
9.Bf4 Qb6 10.Nb3 d6 11.Qd2 Re8 12.Rfd1 Be6 13.Nd5 Qd8 14.Rac1 Rc8 15.e4 b6
16.Bh6 Bh8 17.Bg5 Nd7 18.Be3 Nce5 19.Qe2 Nc5 20.Nd4 Bd7 21.Rd2 Nb7 22.Rdc2 e6
23.Nb4 h5 24.h3 Na5 25.b3 Qe7 26.Rd1 d5 27.Nd3 Nxd3 28.Qxd3 dxc4 29.bxc4 Ba4
30.Nb3 Red8 31.Qe2 Rxd1+ 32.Qxd1 Nxb3  0-1

[Event "X Sants Open"]
[Site "Barcelona ESP"]
[Date "2008.08.23"]
[Round "2"]
[White "Hernandez Carmenates,Hold"]
[Black "Hoeffer,D"]
[Result "1-0"]
[WhiteElo "2582"]
[BlackElo "2266"]

1.Nf3 Nf6 2.c4 e6 3.Nc3 c5 4.g3 Nc6 5.Bg2 Be7 6.d4 cxd4 7.Nxd4 O-O 8.O-O a6
9.Nc2 b6 10.Bf4 Bb7 11.Qd2 Na5 12.b3 Bxg2 13.Kxg2 Ra7 14.Rfd1 Qa8+ 15.f3 Nc6
16.Bd6 Ne8 17.Bxe7 Nxe7 18.Na4 Qc6 19.Qd4 Nc8 20.Nb4 Qc7 21.c5 b5 22.Nb6 d5
23.cxd6 Qxb6 24.d7 Qxd4 25.Rxd4 Ned6 26.dxc8=Q Nxc8 27.Rc1 Ne7 28.e4 g6 29.Kf2 Kg7
30.Ke3 a5 31.Nd3 Rc8 32.Rxc8 Nxc8 33.Ne5 Kf6 34.Ng4+ Ke7 35.Rd3 Rc7 36.Kd2 Nb6
37.Rc3 Rxc3 38.Kxc3 f5 39.Ne5 Kd6 40.Kd4 Nc8 41.h4 fxe4 42.fxe4 Nb6 43.g4 Nc8
44.a4 Na7 45.g5 bxa4 46.bxa4 Nc8 47.Nc4+ Kd7 48.Kc5 Ne7 49.Nxa5 Kc7 50.Nc4 Nc6
51.a5 Nb8 52.Ne5 Na6+ 53.Kb5 Kb7 54.Nd7 Nc7+ 55.Kc5  1-0

[Event "X Sants Open"]
[Site "Barcelona ESP"]
[Date "2008.08.24"]
[Round "3"]
[White "Rodshtein,M"]
[Black "Rojas,L"]
[Result "1-0"]
[WhiteElo "2605"]
[BlackElo "2414"]

1.c4 Nf6 2.Nc3 c5 3.Nf3 e6 4.g3 b6 5.Bg2 Bb7 6.O-O Be7 7.Re1 O-O 8.e4 d6
9.d4 cxd4 10.Nxd4 Qc8 11.Be3 Nbd7 12.Rc1 a6 13.f4 Re8 14.Bf2 h6 15.b4 Qc7
16.Nd5 exd5 17.cxd5 Qb8 18.Nc6 Bxc6 19.dxc6 Nf8 20.c7 Qa7 21.a4 a5 22.bxa5 Qxa5
23.e5 dxe5 24.Rxe5 Bc5 25.Bxc5 bxc5 26.Rexc5 Qa7 27.Bxa8 N6d7 28.Bc6 Rc8
29.Bxd7 Rxc7 30.Bc6 Rxc6 31.Qd5 Re6 32.Kg2 Qxa4 33.Rc8 Qa3 34.Qc5 Qxc5 35.R1xc5 g6
36.Rd5 Kg7 37.Rdd8 Nh7 38.Rg8+ Kf6 39.Rh8  1-0

[Event "XXV Open"]
[Site "Collado Villalba ESP"]
[Date "2008.08.24"]
[Round "3"]
[White "Sanchez Gonzalez,S"]
[Black "Castellanos,R"]
[Result "0-1"]
[WhiteElo "2228"]
[BlackElo "2471"]

1.c4 Nf6 2.Nc3 c5 3.Nf3 e6 4.d4 a6 5.e4 cxd4 6.Nxd4 Qc7 7.Be2 b6 8.O-O Bb7
9.f3 Bd6 10.Kh1 Be7 11.Be3 d6 12.Qc2 O-O 13.f4 Nbd7 14.b3 Rac8 15.Rac1 Qb8
16.Bf3 Rfe8 17.g4 Nf8 18.g5 N6d7 19.Bg2 Bd8 20.f5 e5 21.Nf3 b5 22.cxb5 axb5
23.Qd3 Bc6 24.Nd5 Qb7 25.Nd2 Nc5 26.Bxc5 dxc5 27.Qg3 Nd7 28.f6 Ba5 29.Qf2 Bxd5
30.exd5 Bxd2 31.Qxd2 g6 32.Qf2 Qb6 33.Qh4 h5 34.Be4 Nf8 35.Rc3 Rc7 36.Rh3 c4
37.Rd1 cxb3 38.axb3 Qd6 39.Bf3 Rc3 40.Be4 Rec8 41.Rxc3 Rxc3 42.Qe1 b4 43.Qf2 Nh7
44.Qa7 Nxg5 45.Qa8+ Kh7 46.Bg2 e4 47.Qe8 Rc7 48.h4 Nf3 49.Bxf3 exf3 50.Qe1 Rc2
51.Rd2 Rxd2 52.Qxd2 Qg3 53.Qh2 Qe1+ 54.Qg1 Qxh4+  0-1

[Event "2nd Euwe Stimulans"]
[Site "Sao Paulo BRA"]
[Date "2008.08.24"]
[Round "3"]
[White "El Debs,F"]
[Black "Van der Wiel,J"]
[Result "1/2-1/2"]
[WhiteElo "2440"]
[BlackElo "2504"]

1.Nf3 c5 2.c4 Nf6 3.Nc3 e6 4.g3 b6 5.Bg2 Bb7 6.O-O Be7 7.d4 cxd4 8.Qxd4 d6
9.Bg5 a6 10.Bxf6 Bxf6 11.Qf4 Be7 12.Rfd1 O-O 13.Ne4 Bxe4 14.Qxe4 Ra7 15.Nd4 Rc7
16.b3 Re8 17.a4 g6 18.Ra2 Bf8 19.Qe3 Rc5  1/2-1/2

[Event "16th Nikea Open"]
[Site "Athens GRE"]
[Date "2008.08.25"]
[Round "1"]
[White "Tepelenis,N"]
[Black "Ronchetti,N"]
[Result "0-1"]
[WhiteElo "2153"]
[BlackElo "2434"]

1.c4 Nf6 2.Nc3 c5 3.Nf3 e6 4.g3 b6 5.Bg2 Bb7 6.O-O Be7 7.Re1 d6 8.e3 O-O
9.d4 cxd4 10.exd4 Nbd7 11.b3 Rc8 12.Bb2 a6 13.Qe2 Rc7 14.d5 e5 15.Nh4 Re8
16.f4 exf4 17.gxf4 Bf8 18.Qf3 g6 19.Rxe8 Nxe8 20.Re1 Rc8 21.Qg3 Bg7 22.Bh3 Nef6
23.Qf2 Nh5 24.Ng2 f5 25.Re6 Nc5 26.Re3 Bd4 27.Qe2 Qe7 28.Nd1 Bxe3+ 29.Ndxe3 Re8
30.Ba1 Nxf4 31.Qb2 Nxh3+ 32.Kh1 Qe5  0-1

[Event "2nd Euwe Stimulans"]
[Site "Sao Paulo BRA"]
[Date "2008.08.28"]
[Round "6"]
[White "Diaz Hollemaert,N"]
[Black "Van der Wiel,J"]
[Result "1/2-1/2"]
[WhiteElo "2419"]
[BlackElo "2504"]

1.Nf3 Nf6 2.c4 e6 3.Nc3 c5 4.g3 b6 5.Bg2 Bb7 6.d4 cxd4 7.Qxd4 Nc6 8.Qf4 Bb4
9.O-O O-O 10.Bd2 Qb8 11.Rac1 Bd6 12.Qh4 Ne7 13.Rfd1 Ng6 14.Qh3 Be7  1/2-1/2

[Event "XLII Open"]
[Site "Mislata ESP"]
[Date "2008.08.29"]
[Round "6"]
[White "Minaya,J"]
[Black "Huguet,S"]
[Result "1/2-1/2"]
[WhiteElo "2296"]
[BlackElo "2109"]

1.Nf3 Nf6 2.c4 c5 3.Nc3 d5 4.cxd5 Nxd5 5.e3 Nc6 6.Bc4 Nc7 7.d4 cxd4 8.exd4 e6
9.O-O Be7 10.Re1 O-O 11.Ne4 Nd5 12.a3 Nf6 13.Bf4 Nxe4 14.Rxe4 Bf6 15.Rc1 Ne7
16.Bd3 Nd5 17.Be5 Bd7 18.Qd2 Rc8 19.Rce1 Bc6 20.Rg4 Kh8 21.Bb1 Bxe5 22.dxe5 Ne7
23.Rd4 Qc7 24.Ng5 h6 25.Rh4 Qd8 26.Qf4 Ng6 27.Nxf7+ Rxf7 28.Rxh6+ Kg8 29.Qg3 gxh6
30.Qxg6+ Rg7 31.Qxe6+ Kf8 32.g3 Qd7 33.Qxh6 Qf7 34.e6 Qe7 35.Re5 Ke8 36.Qh8+ Qf8
37.Qh4 Qf3 38.Qh8+ Qf8  1/2-1/2

[Event "Okie Masters"]
[Site "Tulsa USA"]
[Date "2008.08.31"]
[Round "3"]
[White "Gossell,T"]
[Black "Movsisyan,M"]
[Result "1/2-1/2"]
[WhiteElo "2251"]
[BlackElo "2247"]

1.Nf3 c5 2.c4 Nf6 3.Nc3 d5 4.cxd5 Nxd5 5.Qa4+ Bd7 6.Qb3 Nb6 7.Ne5 e6 8.g3 Nc6
9.Nxd7 Qxd7 10.Bg2 Nd4 11.Qd1 Be7 12.O-O O-O 13.b3 a5 14.Rb1 Nd5 15.Nxd5 exd5
16.Bb2 Nc6 17.d4 Rfd8 18.dxc5 Bxc5 19.Rc1 Bb6 20.e3 a4 21.bxa4 d4 22.Bxc6 bxc6
23.exd4 h6 24.Qb3 Bxd4 25.Bxd4 Qxd4 26.Rxc6 Qxa4 27.Rc2 Rdb8 28.Qxa4 Rxa4
29.Rfc1 Kh7 30.Rc7 Kg6 31.R1c2 Rba8 32.h4 h5  1/2-1/2

[Event "2nd Open"]
[Site "Urumia IRI"]
[Date "2008.08.31"]
[Round "10"]
[White "Ghaem Maghami,E"]
[Black "Babujian,L"]
[Result "1/2-1/2"]
[WhiteElo "2597"]
[BlackElo "2415"]

1.c4 Nf6 2.Nc3 c5 3.Nf3 e6 4.g3 b6 5.Bg2 Bb7 6.O-O Be7 7.d4 cxd4 8.Qxd4 O-O
9.Rd1 Nc6 10.Qf4 Rc8 11.b3 a6 12.e4 Ne8 13.Bb2 Qc7 14.Qe3 Bc5 15.Qe2 f6 16.Rac1 Ne5
17.Nd4 g5 18.Na4 Be7 19.Qe3 Ng4 20.Qd2 Ng7 21.b4 f5 22.Qe2 Bxb4 23.exf5 exf5
24.Bd5+ Bxd5 25.cxd5 Qe5 26.Rxc8 Rxc8 27.Qxa6 Re8 28.Ne6 Qe4 29.Nxg5 Qc2
30.Rf1 Be1 31.Bd4 Qxa2 32.Qb5 Qe2 33.Qxe2 Rxe2 34.Nxb6 d6 35.Nc4 f4 36.Nxd6 Bb4
37.Nge4 Bxd6 38.Nxd6 Rd2 39.Rc1 Kf8 40.Bc5 Rxd5 41.gxf4 Ne6 42.Ne4+ Nxc5
43.Nxc5 Rh5 44.f3 Ne3 45.Ne4 Kf7 46.Ng5+ Kg6 47.Kf2 Nf5 48.Rc6+ Kg7 49.Kg2 Ne3+
50.Kg3 h6 51.Ne4 Ra5 52.Kf2 Nf5 53.Rc2 Ra3 54.Rc7+ Kg6 55.Rc6+ Kg7 56.Nc3 Rb3
57.Rc7+ Kg6 58.Ne2 Rb2 59.Rc6+ Kf7 60.Rc4 Kg6 61.Re4 Kf6 62.Kf1 Nh4 63.Re3 Nf5
64.Ra3 Rb1+ 65.Kf2 Rb2 66.Rd3 Kg6 67.Ke1 Nh4 68.Rd6+ Kg7 69.Nd4 Rxh2 70.f5 Rb2
71.Kf1 h5 72.f6+ Kg6 73.f4 Rd2  1/2-1/2

[Event "5th LGA Premium Cup"]
[Site "Nuernberg GER"]
[Date "2008.09.04"]
[Round "1"]
[White "Bodzyn,K"]
[Black "Heinemann,T"]
[Result "0-1"]
[WhiteElo "2012"]
[BlackElo "2485"]

1.c4 Nf6 2.Nc3 c5 3.Nf3 e6 4.g3 b6 5.Bg2 Bb7 6.O-O Be7 7.b3 O-O 8.Bb2 a6
9.Rc1 d6 10.d3 Nbd7 11.e4 b5 12.Qe2 Ra7 13.Nh4 Ne8 14.Nf3 Bf6 15.Ne1 bxc4
16.bxc4 Bc6 17.f4 Rb7 18.Nf3 Qb8 19.Ba1 Rb4 20.g4 Nc7 21.h4 Re8 22.Qd2 Be7
23.g5 d5 24.cxd5 exd5 25.Ne5 Nxe5 26.fxe5 dxe4 27.Nxe4 Bd5 28.Qc3 Ne6 29.Rxf7 Bxe4
30.Bxe4 Rxe4 31.dxe4 Kxf7 32.Rf1+ Kg8 33.Qc4 Qb6 34.Bc3 Bd8 35.Qd5 Qc7 36.Ba5 Qxa5
37.Qd7 Re7  0-1

[Event "ch-ISL"]
[Site "Reykjavik ISL"]
[Date "2008.09.04"]
[Round "9"]
[White "Kjartansson,G"]
[Black "Ulfarsson,M"]
[Result "0-1"]
[WhiteElo "2328"]
[BlackElo "2403"]

1.c4 Nf6 2.Nf3 c5 3.Nc3 b6 4.g3 Bb7 5.Bg2 e6 6.O-O Be7 7.Re1 d6 8.e4 Nbd7
9.d4 cxd4 10.Nxd4 Qc7 11.Be3 a6 12.Rc1 O-O 13.f4 Rac8 14.g4 Nc5 15.Bf2 g6
16.b4 Ncd7 17.Bf1 Qb8 18.f5 Ne5 19.fxe6 Nfxg4 20.Bg3 Bg5 21.Nd5 Bxd5 22.exd5 Bxc1
23.Qxc1 Qa7 24.h3 b5 25.c5 dxc5 26.Nc6 Nxc6 27.dxc6 c4+ 28.Kg2 Nf6 29.Qg5 fxe6
30.Bd6 Rf7 31.Bc5 Qa8 32.Kh1 Ne4 33.Rxe4 Rxf1+ 34.Kh2 Qxc6 35.Qe3 Rd8 36.Rxe6 Qh1+
37.Kg3 Rd3 38.Re8+ Kg7 39.Re7+ Rf7 40.Bd4+ Kg8 41.Re8+ Rf8  0-1

[Event "5th LGA Premium Cup"]
[Site "Nuernberg GER"]
[Date "2008.09.05"]
[Round "2"]
[White "Stuermer,M"]
[Black "Zaragatski,I"]
[Result "0-1"]
[WhiteElo "1968"]
[BlackElo "2419"]

1.Nf3 Nf6 2.c4 c5 3.Nc3 e6 4.e3 Be7 5.Be2 O-O 6.O-O a6 7.d4 cxd4 8.Nxd4 Qc7
9.e4 d6 10.Be3 b6 11.Rc1 Bb7 12.f3 Nbd7 13.a3 Rac8 14.Nb1 Qb8 15.Nd2 Rfe8
16.Bd3 Bd8 17.Bf2 Bc7 18.Ne2 d5 19.Ng3 Nc5 20.Bb1 dxe4 21.Ndxe4 Nfxe4 22.fxe4 Bf4
23.Rc3 Be5 24.Qg4 g6 25.Re3 f5 26.Qg5 Qc7 27.b4 Nxe4 28.Nxe4 fxe4 29.Rh3 Rf8
30.Qh4 Rf4  0-1

[Event "5th LGA Premium Cup"]
[Site "Nuernberg GER"]
[Date "2008.09.05"]
[Round "3"]
[White "Panteleev,P"]
[Black "Hirschberg,V"]
[Result "1-0"]
[WhiteElo "2292"]
[BlackElo "2070"]

1.Nf3 Nf6 2.c4 c5 3.Nc3 d5 4.d4 cxd4 5.Nxd5 Nxd5 6.cxd5 Qxd5 7.Qxd4 Qxd4
8.Nxd4 Bd7 9.e4 Nc6 10.Nb5 O-O-O 11.Be3 a6 12.Nc3 e5 13.Bc4 Be6 14.Bxe6+ fxe6
15.f3 Bb4 16.Rc1 Rd3 17.Ke2 Rd6 18.Rhd1 Rhd8 19.Rxd6 Rxd6 20.Nd1 Kd7 21.Nf2 Nd4+
22.Bxd4 Rxd4 23.Nd3 Bd6 24.b3 b6 25.Ke3 Bc7 26.h4 Kd8 27.f4 Rxd3+ 28.Kxd3 exf4
29.Kd4 Kd7 30.e5 Bd8 31.Rh1 h6 32.h5 Bg5 33.Ke4 Ke8 34.Rd1 Be7 35.Kxf4 Bc5
36.Ke4 Ke7 37.Rd3 Bb4 38.Rg3 Kf7 39.Kd4 Ba3 40.Kc4 Bf8 41.b4 Ke8 42.Ra3 a5
43.bxa5 Bxa3 44.a6  1-0

[Event "TCh-SRB 1st League"]
[Site "Subotica SRB"]
[Date "2008.09.05"]
[Round "5"]
[White "Benkovic,P"]
[Black "Marinkovic,I"]
[Result "1/2-1/2"]
[WhiteElo "2479"]
[BlackElo "2453"]

1.Nf3 Nf6 2.c4 c5 3.Nc3 b6 4.d4 cxd4 5.Nxd4 Bb7 6.f3 e6 7.e4 d6 8.Be3 Be7
9.Be2 O-O 10.O-O a6 11.Qd2 Nbd7 12.a4 Ne5 13.Rfc1 Rc8  1/2-1/2

[Event "TCh-SRB 1st League"]
[Site "Subotica SRB"]
[Date "2008.09.05"]
[Round "5"]
[White "Jeremic,V"]
[Black "Klasan,V"]
[Result "1-0"]
[WhiteElo "2503"]
[BlackElo "2330"]

1.c4 Nf6 2.Nc3 c5 3.Nf3 d5 4.cxd5 Nxd5 5.d4 cxd4 6.Qxd4 Nxc3 7.Qxc3 Nc6 8.e4 e6
9.Bb5 Bd7 10.O-O Qb6 11.a4 Qc5 12.Qd3 Qd6 13.Qe2 Be7 14.e5 Qc7 15.Bd2 O-O
16.Bd3 Rfd8 17.Qe4 g6 18.b4 Be8 19.b5 Qd7 20.Be2 Nd4 21.Nxd4 Qxd4 22.Qxd4 Rxd4
23.Be3 Rd7 24.Bf3 a6 25.b6 Bb4 26.Rfc1 Rb8 27.Rc7 Be7 28.Rac1 a5 29.Rxd7 Bxd7
30.Rc7 Rd8 31.Rxb7 Bb4 32.Rxd7  1-0

[Event "Open A"]
[Site "Graz SUI"]
[Date "2008.09.06"]
[Round "8"]
[White "Zakharchenko,A"]
[Black "Schreiner,Pe"]
[Result "1-0"]
[WhiteElo "2271"]
[BlackElo "2137"]

1.c4 Nf6 2.Nc3 c5 3.Nf3 b6 4.g3 Bb7 5.Bg2 e6 6.O-O Be7 7.d4 cxd4 8.Qxd4 O-O
9.Bg5 Na6 10.e4 d6 11.Rad1 Nc5 12.e5 dxe5 13.Qxe5 Nfd7 14.Qe3 Bxg5 15.Nxg5 Bxg2
16.Kxg2 h6 17.Nf3 Qc8 18.Rd4 Qb7 19.Rfd1 Nf6 20.Kg1 a6 21.Ne5 Qc7 22.b4 Nb7
23.Nd7 Nxd7 24.Rxd7 Qc6 25.Qe4 Qxe4 26.Nxe4 Rfd8 27.Kf1 Rab8 28.Rxd8+ Rxd8
29.Rxd8+ Nxd8 30.Nd6 Nc6 31.b5 axb5 32.cxb5 Na7 33.a4 Kf8 34.Ke2 Ke7 35.Nc4 Nc8
36.Kd3 f6 37.Kc3 Kd7 38.Kb4 Kc7 39.a5 bxa5+ 40.Kxa5 e5 41.Kb4 Nb6 42.Nxb6 Kxb6
43.Kc4 h5 44.h4 g5 45.Kd5 Kxb5 46.Ke6 gxh4 47.gxh4 Kc4 48.Kxf6 Kd4 49.Kg5 Ke4
50.Kxh5  1-0

[Event "DMP Ekstraliga"]
[Site "Karpacz POL"]
[Date "2008.09.06"]
[Round "1"]
[White "Fraczek,Dan"]
[Black "Szoen,D"]
[Result "1-0"]
[WhiteElo "2351"]
[BlackElo "2477"]

1.Nf3 Nf6 2.c4 c5 3.Nc3 g6 4.d4 Bg7 5.e4 O-O 6.Be2 d6 7.O-O Bg4 8.d5 e5 9.a3 Nh5
10.g3 a6 11.Rb1 h6 12.b4 Nd7 13.Kg2 cxb4 14.axb4 Rc8 15.Nd2 Bxe2 16.Qxe2 Qe8
17.Ba3 b6 18.b5 f5 19.bxa6 Rf6 20.Nb5 Bf8 21.a7 Qd8 22.exf5 Rxf5 23.Bxd6 Qg5
24.Kh1 Ndf6 25.f4  1-0

[Event "TCh-ESP Hon Gp2"]
[Site "Sabadell ESP"]
[Date "2008.09.06"]
[Round "4"]
[White "Granados Gomez,M"]
[Black "Ubilava,E"]
[Result "0-1"]
[WhiteElo "2407"]
[BlackElo "2525"]

1.c4 e6 2.Nf3 Nf6 3.Nc3 c5 4.e3 d5 5.cxd5 exd5 6.d4 Nc6 7.Be2 cxd4 8.Nxd4 Bd6
9.O-O O-O 10.Nf3 a6 11.b3 Re8 12.Bb2 Bc7 13.Qd3 Qd6 14.Rfd1 d4 15.exd4 Bg4
16.Kf1 Nb4 17.Qd2 Bxf3 18.Bxf3 Qxh2 19.g3 Ng4 20.Re1 Nd3 21.Ne4 Nxe1 22.Rxe1 Rad8
23.Bg2 Qh5 24.Kg1 b6 25.f3 Qh2+ 26.Kf1 f5 27.Ng5 Bxg3 28.Re6 Bf2  0-1